| 000 | 00424nam a2200169Ia 4500 | ||
|---|---|---|---|
| 008 | 230524s9999 xx 000 0 und d | ||
| 082 |
_a610.28 _bWIN |
||
| 100 | _aR.S.Winwood | ||
| 245 | 0 | _aSears's Anatomy and Physiology for Nurses | |
| 250 | _a6TH | ||
| 260 |
_aNEW DELHI _bJaypee Brothers _c1998 |
||
| 300 | _aVIII;305 | ||
| 500 | _aQuantity Number: 5 | ||
| 650 | _aBiomedical | ||
| 700 | _aJ.L.Smith | ||
| 942 | _cBK | ||
| 999 |
_c36626 _d36626 |
||